| 000 | 00487nam a2200181Ia 4500 | ||
|---|---|---|---|
| 005 | 20240726030934.0 | ||
| 008 | 240331s9999 xx 000 0 und d | ||
| 020 | _a9559539418 | ||
| 082 |
_a294.34 _bWIT |
||
| 100 | _aWitanachchi, L.K | ||
| 245 | 0 |
_aCustoms and rituals of sinhala Buddhists _cLalitha Karalliadde Witanachchi |
|
| 260 |
_aDehiawala _bSridevi Printers (Pvt) Ltd _c1999 |
||
| 300 | _a64 p ., | ||
| 650 | _aRituals | ||
| 650 | _aReligion | ||
| 650 | _aBuddhist | ||
| 942 | _cL | ||
| 999 |
_c930 _d930 |
||